| 000 | 00800nam a22002777a 4500 | ||
|---|---|---|---|
| 005 | 20260427161529.0 | ||
| 008 | 180612b2010 xxu||||| |||| 00| 0 spa d | ||
| 020 | _a9786074429091 | ||
| 041 | _aESP | ||
| 082 | _a371.26 T629s | ||
| 100 |
_aTobón Tobón, Sergio _920022 |
||
| 100 |
_aPimienta Prieto, Julio _947543 |
||
| 100 |
_aGarcía Fraile, Juan Antonio _947544 |
||
| 245 | _aSecuencias didácticas: aprendizaje y evaluación de competencias | ||
| 260 | _aMéxico | ||
| 260 | _bPearson | ||
| 260 | _c2010 | ||
| 300 | _a196 páginas | ||
| 490 | _aTemática General | ||
| 650 | _aEVALUACIÓN EDUCATIVA | ||
| 650 | _aEVALUACIÓN DE COMPETENCIAS | ||
| 650 | _aFORMACIÓN DE COMPETENCIAS | ||
| 650 | _aSECUENCIAS DIDÁCTICAS | ||
| 650 | _aCOMPETENCIAS DOCENTES | ||
| 942 |
_cBK _2ddc |
||
| 999 |
_c10737 _d10737 |
||